| 000 | 01167nam a2200313 i 4500 | ||
|---|---|---|---|
| 001 | 200461247 | ||
| 003 | TR-AnTOB | ||
| 005 | 20240626140552.0 | ||
| 007 | ta | ||
| 008 | 240626s1998 tu a 000 0 tur d | ||
| 035 | _a(TR-AnTOB)200461247 | ||
| 040 |
_aTR-AnTOB _beng _erda _cTR-AnTOB |
||
| 041 | 0 | _atur | |
| 050 | 4 |
_aD568.3 _b.A83 1998 |
|
| 090 |
_aD568.3 _b.A83 1998 |
||
| 100 | 1 |
_aAtatürk, Mustafa Kemal _d1881-1938 _eauthor _920781 |
|
| 245 | 1 | 0 |
_aAnafartalar muharebelerine ait hatıralar / _cMustafa Kemal. |
| 246 | 1 | 4 | _aAnafartalar hatıraları |
| 264 | 1 |
_aİstanbul : _bCumhuriyet, _c1998. |
|
| 300 |
_a127 pages : _billustrations ; _c18 cm |
||
| 336 |
_atext _btxt _2rdacontent |
||
| 337 |
_aunmediated _bn _2rdamedia |
||
| 338 |
_avolume _bnc _2rdacarrier |
||
| 500 | _aÖnsöz, eseri Atatürk'ün el yazılı not defterinden kopya eden, Türk Tarih Kurumu Başsekreteri Bay Uluğ İğdemir tarafından yazılmıştır. | ||
| 650 | 0 |
_aDünya savaşı, 1914-1918 _xSeferler _zTürkiye _zGelibolu yarımadası _vKişisel anlatılar, Türk _927336 |
|
| 700 | 1 |
_aİğdemir, Uluğ _ewriter of preface _97370 |
|
| 942 |
_2lcc _cBK |
||
| 999 |
_c200461247 _d79459 |
||